00622nam a2200193Ia 450000100060000000800390000608200080004524500610005325000160011426000270013030000180015765300130017565300190018865300240020770000210023194200120025295201470026499900170041156191130218n ii |||gr||||Z||||||465 a801 0aSahitya- Sangya KoshcPrafulla KatokyhTextual Documents aFirst-2005. aAssambJyoti Prakashan a280pg:c23cm. aAssamese aDeptt-Assamese aAssamese Literature aKatoky,Prafulla. 2ddccBK 001040708General aSKBLbSKBLcDeptt-Assamesed2013-02-18f00000g120.00l0o801 Ka 155 Sap5977/Asr2024-01-14 00:00:00t1w2013-02-18yBK c56115d56115